[Event "ICS rated standard match"]
[Site "204.178.125.65"]
[Date "2000.07.20"]
[Round "?"]
[White "JoseCapaAnton"]
[Black "Hossa"]
[Result "1-0"]
[WhiteElo "1917"]
[BlackElo "2306"]
[PlyCount "135"]
[EventDate "2000.??.??"]

1. e4 e5 2. Nc3 Nf6 3. Nf3 Nc6 4. Bb5 Bb4 5. O-O O-O 6. d3 Nd4 7. Nxd4 exd4 8.
Ne2 d5 9. e5 Ng4 10. c3 a6 11. Ba4 dxc3 12. bxc3 Be7 13. d4 b5 14. Bc2 f6 15.
Qd3 g6 16. h3 Bf5 17. Qd1 Bxc2 18. Qxc2 Nxe5 19. dxe5 fxe5 20. Be3 Rf7 21. a4
b4 22. cxb4 Bxb4 23. Bd2 Rb8 24. Bxb4 Rxb4 25. Rab1 Rxb1 26. Rxb1 Kg7 27. Nc3
Rf8 28. Qb3 d4 29. Ne4 Qc8 30. Qb7 Qd8 31. Qxa6 Qe7 32. Qc6 Rf7 33. a5 Qa3 34.
a6 Qa5 35. Qc5 Qxa6 36. Qxe5+ Kh6 37. Qxd4 Qe2 38. Qe3+ Qxe3 39. fxe3 Re7 40.
Rb4 Kg7 41. Kf2 h6 42. Ke2 h5 43. Nc5 Re5 44. Rc4 Kh6 45. Na6 Rg5 46. Kf2 Rf5+
47. Rf4 c6 48. Rxf5 gxf5 49. Nc5 Kg5 50. Kf3 Kg6 51. Kf4 h4 52. g3 hxg3 53.
Kxg3 Kg5 54. Nd3 Kf6 55. Kf4 Ke6 56. h4 Kf6 57. h5 Kg7 58. Kxf5 Kh6 59. Ke6 Kh7
60. e4 Kg7 61. e5 Kg8 62. Kd6 Kg7 63. e6 Kh6 64. e7 Kh7 65. e8=Q Kg7 66. Qg6+
Kf8 67. Ke6 c5 68. Qf7# {Hossa checkmated} 1-0

[Event "ICS rated standard match"]
[Site "204.178.125.65"]
[Date "2000.07.20"]
[Round "?"]
[White "Hossa"]
[Black "MissSilicon"]
[Result "0-1"]
[WhiteElo "2277"]
[BlackElo "2476"]
[PlyCount "110"]
[EventDate "2000.??.??"]

1. e4 e6 2. d4 d5 3. Nd2 Nf6 4. e5 Nfd7 5. Ngf3 c5 6. c3 Be7 7. dxc5 O-O 8. Bb5
Nxc5 9. Nb3 Bd7 10. Be2 Ba4 11. O-O Nc6 12. Re1 Na5 13. Nfd4 Qb6 14. Bf4 Rac8
15. Qb1 Bxb3 16. axb3 Ncxb3 17. Nxb3 Nxb3 18. Ra4 Bc5 19. Rf1 f6 20. exf6 Rxf6
21. Bd3 Rcf8 22. g3 e5 23. Bxe5 Nd2 24. Qa2 R6f7 25. Rf4 Qe6 26. Rxf7 Rxf7 27.
Bf4 Nxf1 28. Bxf1 g5 29. b4 Bb6 30. Bxg5 Rxf2 31. Qxf2 Bxf2+ 32. Kxf2 Qf5+ 33.
Bf4 Qc2+ 34. Be2 Qxc3 35. b5 d4 36. b6 a5 37. Bc7 d3 38. Bf3 Qc2+ 39. Ke3 d2
40. h3 Qc3+ 41. Ke2 d1=Q+ 42. Kxd1 Qxf3+ 43. Kc2 a4 44. Bf4 Qb3+ 45. Kd2 a3 46.
Be3 Qd5+ 47. Kc2 Qc4+ 48. Kb1 a2+ 49. Kb2 Qa4 50. Kc3 a1=Q+ 51. Kd3 Qf1+ 52.
Kc3 Qfc4+ 53. Kd2 Qcc2+ 54. Ke1 Qa1+ 55. Bc1 Qaxc1# {Hossa checkmated} 0-1

[Event "ICS rated blitz match"]
[Site "204.178.125.65"]
[Date "2000.07.20"]
[Round "?"]
[White "MissSilicon"]
[Black "Hossa"]
[Result "1-0"]
[WhiteElo "2764"]
[BlackElo "2427"]
[PlyCount "181"]
[EventDate "2000.??.??"]

1. d4 d5 2. c4 dxc4 3. Nf3 b5 4. Nc3 c6 5. a4 b4 6. Nb1 Qd5 7. e3 Nf6 8. Qc2
Bf5 9. Qxc4 e6 10. Nh4 Be4 11. Nd2 Be7 12. Nxe4 Nxe4 13. Qxd5 cxd5 14. Bb5+ Nd7
15. Nf3 b3 16. O-O Bd6 17. Nd2 Nxd2 18. Bxd2 a6 19. Bd3 Ke7 20. Rfc1 a5 21. Be1
e5 22. Rc3 Rhb8 23. Bb5 Ra7 24. Rxb3 g5 25. Rc3 f5 26. Rc6 exd4 27. exd4 Nf8
28. Bd2 h6 29. Re1+ Ne6 30. b4 Rd8 31. bxa5 Kf7 32. Bb4 Bxb4 33. Rexe6 Bf8 34.
a6 Kg8 35. Rg6+ Kh8 36. Bd3 Rf7 37. Rcf6 Rxf6 38. Rxf6 Bg7 39. Rc6 Bxd4 40.
Bxf5 Kg7 41. Rg6+ Kf8 42. Rxh6 Re8 43. Kf1 Bc3 44. g3 Re1+ 45. Kg2 Bd4 46. Rd6
Re2 47. Rxd5 Rxf2+ 48. Kh3 Be3 49. Kg4 Ra2 50. Ra5 Ba7 51. h3 Ra3 52. Be4 Re3
53. Bf3 Re7 54. Bb7 Rg7 55. Be4 Bg1 56. Kh5 Be3 57. Bb7 Ba7 58. Rf5+ Rf7 59.
Rd5 Rg7 60. Rd8+ Ke7 61. Ra8 Bc5 62. a7 Bxa7 63. Rxa7 Kf6 64. Ra6+ Ke5 65. Ra5+
Kd4 66. Bf3 Rf7 67. Ba8 Rf8 68. Kxg5 Rg8+ 69. Kf4 Rf8+ 70. Kg4 Rg8+ 71. Kf3
Rf8+ 72. Kg2 Ke3 73. h4 Rf2+ 74. Kh3 Rf1 75. h5 Rg1 76. h6 Rc1 77. Re5+ Kd4 78.
Re4+ Kd3 79. Re8 Rc5 80. g4 Rc7 81. g5 Kd2 82. g6 Rc5 83. Rd8+ Kc3 84. Bf3 Rf5
85. h7 Rxf3+ 86. Kg4 Rf1 87. h8=Q+ Kc2 88. Qh2+ Kc1 89. Qd2+ Kb1 90. Rb8+ Ka1
91. Qb2# {Hossa checkmated} 1-0

[Event "ICS rated blitz match"]
[Site "204.178.125.65"]
[Date "2000.07.20"]
[Round "?"]
[White "Hossa"]
[Black "PostModernist"]
[Result "0-1"]
[WhiteElo "2423"]
[BlackElo "2538"]
[PlyCount "146"]
[EventDate "2000.??.??"]

1. d4 Nf6 2. c4 c5 3. d5 g6 4. Nc3 Bg7 5. e4 d6 6. Bd3 e5 7. Nge2 Na6 8. a3 O-O
9. O-O Bd7 10. f4 Qe7 11. fxe5 Qxe5 12. Bf4 Qe7 13. Nb5 Bxb5 14. cxb5 Nc7 15.
Nc3 Nh5 16. Bd2 Bd4+ 17. Kh1 Be5 18. Qg4 Rfe8 19. Bg5 f6 20. Bh6 Bd4 21. a4 Qf7
22. Nd1 Ng7 23. Qf4 Rad8 24. a5 Qd7 25. b6 axb6 26. axb6 Na8 27. Nc3 g5 28. Qf3
Qe7 29. Bb5 Rf8 30. Ne2 Bxb2 31. Ra7 f5 32. Qb3 Be5 33. exf5 Rxf5 34. Re1 Qf6
35. Bxg7 Qxg7 36. Ng1 g4 37. Ba6 Rf7 38. Rf1 Rxf1 39. Bxf1 Qf6 40. Bd3 Qh4 41.
g3 Bxg3 42. Qa2 Nxb6 43. Rxb7 Nd7 44. Bf5 Nf6 45. Qg2 Bf2 46. Nf3 Qh5 47. Be6+
Kh8 48. Qxf2 gxf3 49. Qg3 Qg6 50. Qxf3 Ra8 51. Qc3 h5 52. Qe1 Ra2 53. Rb8+ Kh7
54. Rb7+ Kh6 55. Qe3+ Qg5 56. Qxg5+ Kxg5 57. Rg7+ Kf4 58. Rg6 Ne4 59. Rg2 Ra1+
60. Rg1 Rxg1+ 61. Kxg1 c4 62. Bd7 Nc5 63. Bf5 Kxf5 64. Kf1 Ke4 65. Ke2 c3 66.
Kd1 Kd3 67. Ke1 c2 68. Kf2 c1=Q 69. Kf3 Qf1+ 70. Kg3 Ne4+ 71. Kh4 Qf6+ 72. Kh3
Qf3+ 73. Kh4 Qg4# {Hossa checkmated} 0-1

[Event "ICS rated blitz match"]
[Site "204.178.125.65"]
[Date "2000.07.20"]
[Round "?"]
[White "Hossa"]
[Black "Beadle"]
[Result "0-1"]
[WhiteElo "2412"]
[BlackElo "2532"]
[PlyCount "130"]
[EventDate "2000.??.??"]

1. e4 e5 2. Nc3 Nf6 3. Nf3 Nc6 4. Bb5 Bb4 5. O-O O-O 6. d3 d6 7. Bg5 Bxc3 8.
bxc3 Qe7 9. d4 h6 10. Bxf6 Qxf6 11. d5 Ne7 12. Be2 c6 13. c4 Qg6 14. Nd2 Bh3
15. Bf3 cxd5 16. cxd5 Rac8 17. Rb1 Rc7 18. Rb4 Rfc8 19. Ra4 Rxc2 20. Rxa7 R8c3
21. Rxb7 Rxd2 22. Qxd2 Rxf3 23. g3 Qxe4 24. Rd1 Rf5 25. f4 exf4 26. Rb4 Qe3+
27. Qxe3 fxe3 28. Re4 Nxd5 29. Re8+ Kh7 30. Ra1 Rf2 31. a4 Nf6 32. Rxe3 Rg2+
33. Kh1 Ng4 34. Rf3 Rxh2+ 35. Kg1 Rg2+ 36. Kh1 Nf2+ 37. Rxf2 Rxf2 38. Ra3 Rf1+
39. Kh2 Bg4 40. Kg2 Be2 41. a5 Ba6 42. Ra4 Rf5 43. Ra3 Kg6 44. Kg1 d5 45. Kg2
d4 46. Ra2 d3 47. Kh3 Bc4 48. Rb2 Rd5 49. Rd2 Rxa5 50. Rd1 Ra2 51. Kg4 d2 52.
Kf4 Be2 53. Rxd2 Rxd2 54. Ke3 Rb2 55. Kd4 Rb3 56. g4 Bxg4 57. Kd5 h5 58. Kc6 h4
59. Kd5 h3 60. Kc6 h2 61. Kd6 h1=Q 62. Kc5 Qh5+ 63. Kc6 Rb5 64. Kc7 Qf5 65. Kc6
Qd7# {Hossa checkmated} 0-1

[Event "ICS rated blitz match"]
[Site "204.178.125.65"]
[Date "2000.07.20"]
[Round "?"]
[White "MissSilicon"]
[Black "Hossa"]
[Result "1-0"]
[WhiteElo "2768"]
[BlackElo "2401"]
[PlyCount "39"]
[EventDate "2000.??.??"]

1. e4 e5 2. Nf3 c5 3. Nxe5 Qe7 4. d4 f6 5. Nf3 Qxe4+ 6. Be3 cxd4 7. Nbd2 Qd5 8.
Nxd4 Na6 9. Nb5 Nh6 10. Bxa7 Qe6+ 11. Be2 Kf7 12. Nc4 d5 13. Ne3 Bd7 14. Bf3
Bc6 15. O-O Rd8 16. c4 Bxb5 17. cxb5 Nb4 18. a3 b6 19. axb4 d4 20. Be2 {
Hossa resigns} 1-0

[Event "ICS rated standard match"]
[Site "204.178.125.65"]
[Date "2000.07.20"]
[Round "?"]
[White "Amy"]
[Black "Hossa"]
[Result "1/2-1/2"]
[WhiteElo "2445"]
[BlackElo "2269"]
[PlyCount "210"]
[EventDate "2000.??.??"]

1. e4 e5 2. Nf3 c5 3. c3 Nf6 4. Nxe5 Qe7 5. Nf3 d5 6. e5 Nc6 7. d4 cxd4 8. cxd4
Qb4+ 9. Nbd2 Ne4 10. a3 Qa5 11. Be2 Bb4 12. O-O Bxd2 13. Nxd2 Nxd4 14. Nxe4
Nxe2+ 15. Qxe2 dxe4 16. Qxe4 O-O 17. Rd1 Re8 18. Bf4 Qb5 19. b4 Be6 20. a4 Qc4
21. Qxc4 Bxc4 22. Rd7 b6 23. a5 Bb5 24. Rb7 Ba6 25. Rc7 Bb5 26. Rac1 bxa5 27.
bxa5 a6 28. g3 h6 29. R1c5 Rad8 30. Kg2 Rd1 31. Kf3 Rd3+ 32. Ke4 Ra3 33. Bd2 g6
34. Bxh6 Rxa5 35. Bg5 Ra2 36. Be3 Ra4+ 37. Kf3 Kf8 38. Bg5 Ra3+ 39. Ke4 Bd3+
40. Kd4 Be2 41. Rc3 Ra4+ 42. Kd5 Ra5+ 43. R3c5 Ra4 44. Ra7 Bf3+ 45. Kd6 Ra2 46.
Bh6+ Kg8 47. Be3 Ra1 48. Kd7 Re6 49. Kd8 Rb1 50. Rc8 Kg7 51. Rd7 Rb5 52. Bd4 a5
53. Rd6 Rb7 54. Rc3 Rb8+ 55. Kd7 Rb7+ 56. Rc7 Rxc7+ 57. Kxc7 a4 58. Rxe6 fxe6
59. Kd6 Kf7 60. Bc5 Be2 61. f4 Bf3 62. Bb4 Be2 63. h4 Bb5 64. Bc5 Be2 65. Ba3
Bd3 66. Kc5 Be2 67. Bb4 Ke7 68. Kc6+ Kd8 69. Kd6 Bg4 70. Bc5 Bh3 71. Kc6 Bf1
72. Ba3 Bd3 73. Bb2 Ke7 74. Kc7 Kf7 75. Ba3 Bb5 76. Kb6 Be8 77. g4 Kg7 78. Bb4
Kf7 79. Bd6 Kg7 80. Ba3 Bd7 81. Kc5 Bc8 82. Kd6 Kf7 83. h5 gxh5 84. gxh5 Kg7
85. f5 exf5 86. Bc1 a3 87. Bxa3 Kh6 88. Ke7 f4 89. Bc5 Kxh5 90. Kf6 Kg4 91. e6
Bxe6 92. Kxe6 Kh3 93. Kf5 f3 94. Bf2 Kg2 95. Bc5 Kh1 96. Bf2 Kh2 97. Kg5 Kh3
98. Kf6 Kg4 99. Ke5 Kh3 100. Ke6 Kg4 101. Kd5 Kh3 102. Ke5 Kg4 103. Kd5 Kh3
104. Ke4 Kg4 105. Kd5 Kh3 1/2-1/2

[Event "ICS Rated blitz match"]
[Site "204.178.125.65"]
[Date "2000.07.20"]
[Round "?"]
[White "Hossa"]
[Black "MissSilicon"]
[Result "0-1"]
[WhiteElo "2398"]
[BlackElo "2771"]
[PlyCount "170"]
[EventDate "2000.??.??"]

1. e4 e5 2. Nf3 Nf6 3. Nc3 Nc6 4. Bb5 Bb4 5. O-O O-O 6. d3 Bxc3 7. bxc3 d6 8.
Bg5 h6 9. Bh4 a6 10. Bxc6 bxc6 11. Rb1 Be6 12. a3 Qe7 13. Bxf6 Qxf6 14. Rb7 Qd8
15. Qe2 f5 16. exf5 Bxf5 17. Nd2 Rb8 18. Rxb8 Qxb8 19. Rb1 Qe8 20. c4 c5 21.
Rb2 Qa4 22. Rb3 Kh7 23. Qf3 Qa5 24. c3 Rf6 25. Ne4 Rf7 26. Qe2 Qa4 27. Nd2 g5
28. Qe3 Rf8 29. Qf3 Kg7 30. h3 Rf7 31. Qe2 Bd7 32. Qe3 Be6 33. Qe1 Kg6 34. h4
gxh4 35. Qe4+ Kh5 36. Qe2+ Bg4 37. f3 Bf5 38. Qe3 Kg6 39. Qe2 h3 40. g4 Bd7 41.
d4 exd4 42. cxd4 Qa5 43. d5 Re7 44. Re3 Rxe3 45. Qxe3 Qa4 46. Kh2 Qc2 47. Kxh3
h5 48. Kh4 hxg4 49. fxg4 Qc1 50. Qe4+ Kf7 51. Qh7+ Ke8 52. Ne4 Qh1+ 53. Kg5
Qxh7 54. Nf6+ Ke7 55. Nxh7 Ba4 56. Nf6 Bb3 57. Ng8+ Kf8 58. Nf6 Kf7 59. Ne4
Bxc4 60. Nc3 Bb3 61. Kf4 Bc2 62. Ne4 Bxe4 63. Kxe4 Kg6 64. Kf4 Kf6 65. Ke4 Kg5
66. Kf3 c4 67. Ke2 Kxg4 68. Ke3 c3 69. Kd3 Kf5 70. Kxc3 Ke5 71. Kc4 Ke4 72. Kb4
Kxd5 73. Kc3 Ke4 74. Kd2 d5 75. Kc2 d4 76. Kc1 Ke3 77. Kb2 d3 78. Kc3 d2 79.
Kc2 Ke2 80. Kc3 d1=Q 81. Kc4 Qd3+ 82. Kb4 Kd2 83. Kc5 Qe4 84. a4 Kc3 85. a5
Qc4# {Hossa checkmated} 0-1

[Event "ICS rated bullet match"]
[Site "204.178.125.65"]
[Date "2000.07.20"]
[Round "?"]
[White "Hossa"]
[Black "JSBach"]
[Result "1-0"]
[WhiteElo "2494"]
[BlackElo "2120"]
[PlyCount "65"]
[EventDate "2000.??.??"]

1. e4 e5 2. Nf3 Qf6 3. Nc3 Bc5 4. Nd5 Qd6 5. d4 exd4 6. Bf4 Qc6 7. Nxd4 Bxd4 8.
Qxd4 Kf8 9. Nxc7 Qxc2 10. Rc1 Qxc7 11. Rxc7 Ne7 12. Rxc8+ Nxc8 13. Qb4+ d6 14.
Qxb7 Nb6 15. Bxd6+ Kg8 16. Bxb8 h5 17. Bxa7 Rh6 18. a3 Rxa7 19. Qxa7 Re6 20.
Bd3 Nc8 21. Qa8 Re8 22. Qd5 g6 23. Qd7 Kf8 24. Ke2 f5 25. Qd4 Ne7 26. Qf6+ Kg8
27. Bc4+ Kh7 28. Qf7+ Kh6 29. Qxe8 Nc8 30. f4 g5 31. Qf8+ Kh7 32. Qg8+ Kh6 33.
fxg5# {JSBach checkmated} 1-0

[Event "ICS rated bullet match"]
[Site "204.178.125.65"]
[Date "2000.07.20"]
[Round "?"]
[White "JSBach"]
[Black "Hossa"]
[Result "0-1"]
[WhiteElo "2097"]
[BlackElo "2497"]
[PlyCount "50"]
[EventDate "2000.??.??"]

1. e4 e5 2. Nc3 Nf6 3. Nf3 Nc6 4. Bb5 Bb4 5. Nd5 Nxd5 6. exd5 e4 7. dxc6 dxc6
8. Qe2 O-O 9. Qxe4 Re8 10. Ne5 Qd6 11. Be2 Rxe5 12. Qc4 Be6 13. Qh4 g5 14. Qh5
Bc4 15. b3 Rxe2+ 16. Qxe2 Bxe2 17. a3 Qe6 18. Bb2 Bd3+ 19. Kd1 Qe2+ 20. Kc1
Qxd2+ 21. Kb1 Bxc2+ 22. Ka2 Qd3 23. Rag1 Qxb3+ 24. Ka1 Bc3 25. Bxc3 Qxa3# {
JSBach checkmated} 0-1

[Event "ICS rated standard match"]
[Site "204.178.125.65"]
[Date "2000.07.20"]
[Round "?"]
[White "Hossa"]
[Black "MM3Quick"]
[Result "1-0"]
[WhiteElo "2276"]
[BlackElo "2246"]
[PlyCount "95"]
[EventDate "2000.??.??"]

1. e4 e6 2. d4 d5 3. Nc3 Bb4 4. e5 Ne7 5. a3 Bxc3+ 6. bxc3 Bd7 7. Nf3 c5 8. Bd3
c4 9. Be2 Ba4 10. O-O Nbc6 11. Rb1 Qc7 12. Ng5 h6 13. Nh3 O-O-O 14. Nf4 Kb8 15.
Nh5 Nf5 16. Bg4 Nce7 17. Rb4 Bc6 18. a4 Rhg8 19. Qe2 Rdf8 20. Bd2 a5 21. Rb2
Bxa4 22. Rfb1 Bc6 23. g3 Kc8 24. Nf4 a4 25. Qf1 Kd7 26. Qe1 Ra8 27. Bc1 Ra5 28.
Ra2 Rb5 29. Rxb5 Bxb5 30. Ba3 Bc6 31. Rb2 Ra8 32. Nh5 Rg8 33. Ra2 b5 34. Qd1
Qd8 35. Ra1 Qc7 36. Qe1 Qb8 37. Bc5 Qc7 38. Nf4 g6 39. Rb1 h5 40. Bf3 Rh8 41.
Qd2 Qd8 42. Nh3 Qg8 43. Bg2 Qg7 44. Ng5 Ra8 45. Nf3 Rh8 46. Qg5 Qh6 47. Qf6 Qg7
48. Bxe7 {MM3Quick resigns} 1-0

[Event "ICS rated standard match"]
[Site "204.178.125.65"]
[Date "2000.07.20"]
[Round "?"]
[White "KomboMan"]
[Black "Hossa"]
[Result "0-1"]
[WhiteElo "2204"]
[BlackElo "2291"]
[PlyCount "68"]
[EventDate "2000.??.??"]

1. d4 Nf6 2. c4 c5 3. d5 g6 4. Nc3 Bg7 5. e4 d6 6. Bd3 e5 7. Nge2 Na6 8. O-O
O-O 9. f4 Nb4 10. Bb1 Ng4 11. a3 Na6 12. h3 Nh6 13. f5 gxf5 14. exf5 f6 15. Ng3
Qe7 16. Be3 Nf7 17. Qg4 Kh8 18. Nh5 Bh6 19. Bxh6 Nxh6 20. Qh4 Ng8 21. Rf3 Bd7
22. Rg3 Rf7 23. Bd3 Nh6 24. Rf1 Nc7 25. Rg6 hxg6 26. fxg6 f5 27. Qe1 Rg7 28.
Nxg7 Qxg7 29. Qh4 Rf8 30. g4 fxg4 31. Rxf8+ Qxf8 32. hxg4 Bxg4 33. Ne4 Kg7 34.
Ng3 Qf6 {KomboMan resigns} 0-1

[Event "ICS rated blitz match"]
[Site "204.178.125.65"]
[Date "2000.07.20"]
[Round "?"]
[White "Hossa"]
[Black "Njall"]
[Result "1-0"]
[WhiteElo "2395"]
[BlackElo "2128"]
[PlyCount "61"]
[EventDate "2000.??.??"]

1. e4 c6 2. d4 d5 3. Nc3 dxe4 4. Nxe4 Bf5 5. Ng3 Bg6 6. h4 h6 7. Nf3 Nd7 8. h5
Bh7 9. Bd3 Bxd3 10. Qxd3 Ngf6 11. Bd2 e6 12. O-O-O Be7 13. Rde1 a5 14. Kb1 a4
15. Ne4 Nxe4 16. Qxe4 Nf6 17. Qf4 a3 18. b3 b5 19. Ne5 Qd5 20. Qg3 Rg8 21. Rh4
b4 22. Nc4 Qd8 23. Qf3 Nd5 24. Ne5 Bf6 25. Nxc6 Qd7 26. Nxb4 Nxb4 27. Qxa8+ Qd8
28. Qxd8+ Kxd8 29. Rg4 Nc6 30. Bc1 Nxd4 31. Rd1 {Njall resigns} 1-0

[Event "ICS Rated standard match"]
[Site "204.178.125.65"]
[Date "2000.07.20"]
[Round "?"]
[White "Karol"]
[Black "Hossa"]
[Result "1/2-1/2"]
[WhiteElo "2141"]
[BlackElo "2296"]
[PlyCount "100"]
[EventDate "2000.??.??"]

1. d4 Nf6 2. Nf3 e6 3. e3 d6 4. Bd3 Nbd7 5. O-O e5 6. Nc3 Be7 7. e4 exd4 8.
Nxd4 O-O 9. Bf4 Nc5 10. Re1 Nxd3 11. Qxd3 Ng4 12. Nf3 Be6 13. Rad1 Nf6 14. Nd5
Nxd5 15. exd5 Bg4 16. h3 Bd7 17. c4 Bf6 18. b3 Re8 19. Rxe8+ Bxe8 20. Re1 Bd7
21. Bd2 a5 22. Bc3 Bxc3 23. Qxc3 a4 24. b4 a3 25. Nd4 Qf6 26. Re3 Ra4 27. Nb5
Kf8 28. Qxf6 gxf6 29. Nxc7 Rxb4 30. Na8 Bf5 31. Rxa3 Rxc4 32. Nb6 Rc1+ 33. Kh2
Kg7 34. Kg3 Rc5 35. Ra7 Be4 36. a4 Bxd5 37. Nxd5 Rxd5 38. Rxb7 Rd3+ 39. f3 Ra3
40. Rb4 f5 41. Rd4 f6 42. Kf4 Kg6 43. h4 h5 44. g4 fxg4 45. fxg4 hxg4 46. Kxg4
d5 47. h5+ Kf7 48. Kf5 Rh3 49. Kg4 Ra3 50. Kf5 Rh3 1/2-1/2

[Event "ICS rated standard match"]
[Site "204.178.125.65"]
[Date "2000.07.20"]
[Round "?"]
[White "PostModernist"]
[Black "Hossa"]
[Result "1-0"]
[WhiteElo "2425"]
[BlackElo "2289"]
[PlyCount "113"]
[EventDate "2000.??.??"]

1. d4 Nf6 2. c4 c5 3. d5 g6 4. Nc3 Bg7 5. e4 d6 6. Be2 e6 7. Nf3 O-O 8. Bg5 h6
9. Bd2 exd5 10. exd5 Re8 11. O-O Bf5 12. Nh4 Bd7 13. Rc1 Nh7 14. Nf3 Bf5 15.
Bf4 Na6 16. Re1 g5 17. Bg3 Re7 18. b3 Nf6 19. Bd3 Bxd3 20. Rxe7 Qxe7 21. Qxd3
Nh5 22. a3 Qd7 23. Re1 f5 24. h3 Nxg3 25. fxg3 Nc7 26. Nd1 b5 27. Ne3 Rf8 28.
Kh1 bxc4 29. bxc4 Bh8 30. g4 fxg4 31. Nxg4 Qg7 32. Nd2 h5 33. Nh2 a5 34. Ne4
Qg6 35. Qe3 Bd4 36. Qxg5 Qxg5 37. Nxg5 Bc3 38. Re2 Re8 39. Rxe8+ Nxe8 40. Ne4
Bb2 41. a4 Kg7 42. g4 hxg4 43. Nxg4 Kg6 44. Kg2 Bd4 45. Kf3 Kh5 46. Ne3 Kg6 47.
Ng2 Bf6 48. Kg4 Be5 49. Nf4+ Kf7 50. h4 Nf6+ 51. Nxf6 Kxf6 52. Nh5+ Ke7 53. Ng3
Ke8 54. h5 Kf7 55. Ne4 Kg7 56. Kf5 Kf7 57. Nxc5 {Hossa resigns} 1-0

[Event "ICS rated blitz match"]
[Site "204.178.125.65"]
[Date "2000.07.20"]
[Round "?"]
[White "inmichess"]
[Black "Hossa"]
[Result "1-0"]
[WhiteElo "2408"]
[BlackElo "2401"]
[PlyCount "161"]
[EventDate "2000.??.??"]

1. e4 c5 2. c4 Nc6 3. d3 e6 4. Nc3 Nf6 5. Nf3 Be7 6. Be2 d5 7. O-O d4 8. Na4
Bd6 9. Rb1 O-O 10. a3 b6 11. Bd2 Qc7 12. b4 cxb4 13. axb4 Ng4 14. g3 e5 15. c5
bxc5 16. bxc5 Be7 17. Nxd4 Nxd4 18. Bxg4 Bxg4 19. Qxg4 Qc6 20. Qd1 Rab8 21. Rc1
f5 22. Nc3 fxe4 23. Nxe4 Rb3 24. Bc3 Nf3+ 25. Kg2 Qd5 26. c6 Bd8 27. Qc2 Rb6
28. Ba1 Bc7 29. Qc4 Qxc4 30. Rxc4 a5 31. Bc3 Ra6 32. Rc1 h6 33. h3 g5 34. Rb1
Nd4 35. Rb7 Ne6 36. f3 Rf7 37. Nc5 Nxc5 38. Rxc5 a4 39. h4 gxh4 40. gxh4 a3 41.
Ba1 a2 42. Rc2 Ra3 43. h5 Kf8 44. Rcb2 Rg7+ 45. Kf2 Rf7 46. Ke3 Rg7 47. Rc2 Ra4
48. Rc4 Rxc4 49. dxc4 Rg1 50. Bb2 Rg2 51. Rxc7 Rxb2 52. Ra7 Rb6 53. Ke4 Rxc6
54. Kd5 Rf6 55. Rxa2 Rf5 56. Re2 e4+ 57. Kxe4 Rxh5 58. Re3 Ke7 59. f4 Ra5 60.
Kd4+ Kf6 61. Rh3 Kg6 62. Rh4 Kg7 63. c5 Ra2 64. c6 Rc2 65. Kd5 Kf7 66. f5 Ke7
67. Rxh6 Rd2+ 68. Kc5 Rc2+ 69. Kb6 Ke8 70. Kc7 Ra2 71. Re6+ Kf7 72. Kd7 Rf2 73.
c7 Rf1 74. c8=Q Rd1+ 75. Rd6 Rxd6+ 76. Kxd6 Kf6 77. Qc5 Kg5 78. Ke5 Kh5 79. Qg1
Kh4 80. Kf4 Kh5 81. Qh1# {Hossa checkmated} 1-0

[Event "ICS rated blitz match"]
[Site "204.178.125.65"]
[Date "2000.07.20"]
[Round "?"]
[White "Hossa"]
[Black "inmichess"]
[Result "1-0"]
[WhiteElo "2385"]
[BlackElo "2424"]
[PlyCount "107"]
[EventDate "2000.??.??"]

1. e4 e5 2. f4 Nf6 3. fxe5 Nxe4 4. Qf3 d5 5. d3 Ng5 6. Qf2 Be7 7. Be3 Nc6 8.
Nd2 Nxe5 9. h3 O-O 10. O-O-O Re8 11. d4 Nc6 12. h4 Ne4 13. Nxe4 dxe4 14. Bc4
Bf6 15. Nh3 Na5 16. Be2 Bxh4 17. g3 Bf6 18. Kb1 Bd7 19. Qh2 h6 20. g4 Be7 21.
Nf2 Bc6 22. d5 Bd6 23. Qg2 Ba4 24. Nxe4 Qe7 25. Bd3 Nc4 26. Bd4 Ne5 27. Rhe1
Nxd3 28. Rxd3 Bf4 29. Qf3 Qb4 30. Bc3 Bxc2+ 31. Kxc2 Qa4+ 32. Kb1 Qb5 33. Rdd1
Be5 34. Bxe5 Rxe5 35. d6 c6 36. d7 Qa5 37. Qc3 Rd8 38. Qxa5 Rxa5 39. Nf6+ gxf6
40. Re8+ Kg7 41. Rxd8 f5 42. gxf5 Rxf5 43. Ra8 a6 44. Rg1+ Rg5 45. Rxg5+ hxg5
46. Ra7 f5 47. Rxb7 f4 48. Ra7 g4 49. Rxa6 g3 50. d8=Q Kg6 51. Rxc6+ Kf5 52.
Qd5+ Kg4 53. Rg6+ Kh3 54. Qh1# 1-0

[Event "ICS rated blitz match"]
[Site "204.178.125.65"]
[Date "2000.07.20"]
[Round "?"]
[White "inmichess"]
[Black "Hossa"]
[Result "1-0"]
[WhiteElo "2406"]
[BlackElo "2403"]
[PlyCount "93"]
[EventDate "2000.??.??"]

1. e4 e6 2. d4 d5 3. e5 c5 4. c3 Qb6 5. Nf3 Bd7 6. Be2 cxd4 7. cxd4 Nc6 8. O-O
Nh6 9. Bxh6 Qxb2 10. Qd2 Qxa1 11. Nc3 Qxf1+ 12. Bxf1 gxh6 13. Nb5 O-O-O 14.
Nd6+ Bxd6 15. exd6 h5 16. Qh6 Rdf8 17. Qxh5 h6 18. Bb5 a6 19. Bxc6 Bxc6 20. Ne5
Be8 21. Qf3 f6 22. d7+ Bxd7 23. Ng6 f5 24. Nxf8 Rxf8 25. Qc3+ Kb8 26. Qg3+ Kc8
27. Qg7 Re8 28. Qxh6 e5 29. dxe5 Rxe5 30. Qd2 d4 31. f3 Rd5 32. h3 d3 33. g4
fxg4 34. hxg4 Kd8 35. Kf2 Bb5 36. Kg3 Bc6 37. f4 b6 38. f5 Kd7 39. f6 Rd6 40.
g5 a5 41. f7 Ke7 42. Qf4 Rd8 43. g6 d2 44. g7 d1=Q 45. f8=Q+ Kd7 46. Q8f7+ Kc8
47. Q4c7# {Hossa checkmated} 1-0

[Event "ICS rated standard match"]
[Site "204.178.125.65"]
[Date "2000.07.21"]
[Round "?"]
[White "Hossa"]
[Black "missevening"]
[Result "1-0"]
[WhiteElo "2279"]
[BlackElo "2055"]
[PlyCount "67"]
[EventDate "2000.??.??"]

1. Nc3 f5 2. e4 d6 3. d4 Nf6 4. e5 dxe5 5. dxe5 Qxd1+ 6. Nxd1 Nd5 7. Ne3 Nb6 8.
Nf3 e6 9. Be2 Nc6 10. Bd2 Bd7 11. O-O-O O-O-O 12. Nc4 Be7 13. Nxb6+ axb6 14.
Kb1 h6 15. h4 g6 16. c3 Bc5 17. Rhf1 Rdg8 18. b4 Be7 19. Rh1 Nd8 20. Bf4 Nf7
21. Bc4 g5 22. hxg5 hxg5 23. Be3 c5 24. Rhe1 g4 25. Nd2 Rh2 26. bxc5 bxc5 27.
Nb3 b6 28. g3 Bg5 29. Bxc5 bxc5 30. Nxc5 Be8 31. Bxe6+ Kc7 32. Re2 Nh6 33. Rb2
Bc6 34. Na6# 1-0

[Event "ICS rated blitz match"]
[Site "204.178.125.65"]
[Date "2000.07.21"]
[Round "?"]
[White "Hossa"]
[Black "Beadle"]
[Result "1-0"]
[WhiteElo "2387"]
[BlackElo "2536"]
[PlyCount "102"]
[EventDate "2000.??.??"]

1. e4 e5 2. Nf3 Nc6 3. c3 d5 4. Qa4 Qd6 5. d4 dxe4 6. Nxe5 Bd7 7. Nxd7 Qxd7 8.
Bb5 Nge7 9. Nd2 Qe6 10. O-O O-O-O 11. Qc4 Qg6 12. Qe2 a6 13. Ba4 f5 14. f3 e3
15. Qxe3 Nd5 16. Qf2 b5 17. Bc2 Bd6 18. a4 b4 19. Bb3 bxc3 20. bxc3 Nxc3 21.
Bc4 Nxd4 22. Bxa6+ Kb8 23. Nb1 Nb3 24. Nxc3 Bc5 25. Be3 Bxe3 26. Qxe3 Rhe8 27.
Qf2 Rd2 28. Be2 Rc2 29. Rfb1 Rxc3 30. Bd1 Qe6 31. Ra3 Qb6 32. Bxb3 Rce3 33. Kf1
Ka7 34. Ra2 Qd6 35. Kg1 Qb6 36. Raa1 Re2 37. Qxb6+ cxb6 38. a5 b5 39. Bd5 Ka6
40. Rc1 R8e7 41. Rc6+ Ka7 42. Rc8 Ka6 43. Ra8+ Ra7 44. Rb8 Rc7 45. h3 Rb2 46.
Kh2 b4 47. Rb6+ Ka7 48. Re1 Rd7 49. Bc6 Rc7 50. Re8 Rxc6 51. Re7+ Rc7 {
Beadle resigns} 1-0

[Event "ICS rated blitz match"]
[Site "204.178.125.65"]
[Date "2000.07.21"]
[Round "?"]
[White "Beadle"]
[Black "Hossa"]
[Result "1-0"]
[WhiteElo "2514"]
[BlackElo "2409"]
[PlyCount "169"]
[EventDate "2000.??.??"]

1. Nf3 d5 2. g3 e6 3. Bg2 Nf6 4. d4 c5 5. Nc3 cxd4 6. Qxd4 Nc6 7. Qd3 e5 8. Bg5
e4 9. Bxf6 Qxf6 10. Qe3 Be6 11. O-O-O Rd8 12. Nd4 Nxd4 13. Rxd4 Bc5 14. Nxe4
Qxd4 15. Nxc5 Qxe3+ 16. fxe3 b6 17. Na6 Rd7 18. Rd1 O-O 19. Nb4 Rfd8 20. Nc6
Re8 21. Nb4 Kf8 22. Nxd5 Red8 23. e4 f6 24. Bf3 Rc8 25. e3 Kg8 26. Rd4 Kf7 27.
c3 g5 28. h4 g4 29. Be2 Rg8 30. Ra4 h5 31. Bb5 Rb7 32. Ra3 a5 33. Bc6 Rbb8 34.
Nf4 Rgd8 35. Bd5 Bxd5 36. exd5 Rd7 37. c4 Rc8 38. Rc3 Rdc7 39. b3 b5 40. Ne6
Rd7 41. Kc2 a4 42. Nf4 axb3+ 43. axb3 b4 44. Rd3 Rh8 45. c5 Re7 46. c6 Re5 47.
c7 Ra8 48. d6 Rc5+ 49. Kb1 Rca5 50. Rd5 Ra3 51. Kc2 R3a6 52. Rc5 Rxd6 53. c8=Q
Rxc8 54. Rxc8 Rd7 55. Nxh5 Kg6 56. Nf4+ Kf7 57. Rc4 Re7 58. e4 Kg7 59. Rxb4 Rd7
60. Nd5 Ra7 61. Kc3 Rd7 62. Ne3 Ra7 63. Ra4 Rc7+ 64. Rc4 Rd7 65. Rc6 Rd8 66.
Nxg4 Rd1 67. Rxf6 Rc1+ 68. Kd2 Rb1 69. Rf3 Kh8 70. e5 Rb2+ 71. Kc3 Re2 72. Re3
Ra2 73. e6 Ra8 74. e7 Rc8+ 75. Kd4 Re8 76. Kd5 Kg7 77. Re6 Kh8 78. Kd6 Kg7 79.
Kd7 Ra8 80. e8=Q Ra7+ 81. Kd6 Rf7 82. Nh6 Rf8 83. Nf5+ Kg8 84. Qg6+ Kh8 85.
Qg7# {Hossa checkmated} 1-0